Human Rights Education/ (Record no. 204432)

MARC details
000 -LEADER
fixed length control field 00536nam a22001937a 4500
005 - DATE AND TIME OF LATEST TRANSACTION
control field 20240913145557.0
010 ## - LCCN (DPL NO)
LC control number ENG-140966
020 ## - INTERNATIONAL STANDARD BOOK NUMBER
International Standard Book Number 9788193445938
Terms of availability 1000.00
035 ## - SYSTEM CONTROL NUMBER
System control number EN-124498
037 ## - SOURCE OF ACQUISITION
Source of stock number/acquisition DBAD
082 ## - DEWEY DECIMAL CLASSIFICATION NUMBER
Classification number 323
100 ## - MAIN ENTRY--PERSONAL NAME
Personal name Pragya Singh
245 ## - TITLE STATEMENT
Title Human Rights Education/
Statement of responsibility, etc By Pragya Singh
250 ## - EDITION STATEMENT
Edition statement 1
260 ## - PUBLICATION, DISTRIBUTION, ETC. (IMPRINT)
Place of publication, distribution, etc Uttar Pradesh
Name of publisher, distributor, etc Blackie Elt Books
Date of publication, distribution, etc 2023
270 ## - ADDRESS
Address Sector -2 , Noida
City Uttar Pradesh
Postal code 201301
300 ## - PHYSICAL DESCRIPTION
Extent 248p.
Dimensions 22cm,(hb)
942 ## - ADDED ENTRY ELEMENTS (KOHA)
Source of classification or shelving scheme Dewey Decimal Classification
Item type English Books
Classification part 323
Call number suffix PRA
Holdings
Withdrawn status Lost status Not for loan Collection code Home library Current library Date acquired Source of acquisition Cost, normal purchase price Full call number Barcode Copy number Cost, replacement price Koha item type
      Non-fiction Shahdara Branch Shahdara Branch 25/07/2024 DBAD 1000.00 323 PRA EN-124498 1 1000.00 English Books

© Delhi Public Library
Hit Counter
free hit counter